Vetranie budovy nebytového charakteru

Enregistré dans:
Détails bibliographiques
Auteur principal: Úradníčková, Kristína (Auteur)
Autres auteurs: Šabíková, Jana (Directeur de thèse)
Format: Manuscrit Livre
Langue:slovaque
Publié: 2015
Sujets:
Accès en ligne:http://is.stuba.sk/zp/portal_zp.pl?podrobnosti=113121
https://opac.crzp.sk/?fn=detailBiblioForm&sid=78283B71680DBAF21840D21D22D4
Tags: Ajouter un tag
Pas de tags, Soyez le premier à ajouter un tag!

MARC

LEADER 00000ntm a22000003a 4500
001 stuzp50703
003 SK-STU
005 20231114133708.4
007 ta
008 150427s2015----xo-----f-mn---000-0-slo-d
040 |a STU  |b slo 
041 0 |a slo 
100 1 |a Úradníčková, Kristína  |u 010290  |4 aut  |U SvF Stavebná fakulta  |T SvF Katedra technických zariadení budov  |X 7032  |U V290  |Y 31  |7 A000007032 
242 0 1 |a ventilation of non-residential building  |y eng 
245 1 0 |a Vetranie budovy nebytového charakteru 
260 |c 2015 
650 4 |a vzduchotechnika  |2 slo 
650 4 |a clonenie  |2 slo 
650 4 |a vzduch  |2 slo 
650 4 |a filtration  |2 eng 
650 4 |a air  |2 eng 
650 4 |a ventilation  |2 eng 
700 1 |a Šabíková, Jana  |4 ths  |X 653  |7 A000000653 
856 4 |u http://is.stuba.sk/zp/portal_zp.pl?podrobnosti=113121 
856 4 |u https://opac.crzp.sk/?fn=detailBiblioForm&sid=78283B71680DBAF21840D21D22D4 
SQL |a stuzp50703  |b DDP  |c SLO  |d Vetranie budovy nebytového charakteru  |e 7032  |f Úradníčková, Kristína  |g 010290  |h 653  |i Šabíková, Jana  |j 20150618  |k 25  |l 01  |m http://is.stuba.sk/zp/portal_zp.pl?podrobnosti=113121  |n I-TPB  |o 5.1.4. pozemné stavby